000 00910nam a2200253Ia 4500
003 OSt
005 20220923223334.0
006 a|||||r|||| 00| 0
007 ta
008 220922b |||||||| |||| 00| 0 hin d
024 _a213,625
037 _cTextual
040 _aARTS
_cARTS
_bhin
041 _2hin
_ahin
082 _aO152,3M88:g, N0
100 _aमेहता, भावना
_9156290
245 0 _aउपन्यासकार चतुरसेन शास्त्री का कथा-कौशल
246 _aUpanyāsakār chaturasen shāstrī kā kathā-kaushala
260 _aअहमदाबाद
_b संस्कृति प्रकाशन
_c1990
300 _a198 पृ.
_ccm.
650 _aहिन्दी साहित्य
_9156264
942 _hO152,3M88:g, N0
_cTEXL
_2CC
999 _c363833
_d363833